Central Library OPAC University of Rajshahi

General properties of matter / (Record no. 84887)

MARC details
000 -LEADER
fixed length control field 00748nam a2200253 a 4500
001 - CONTROL NUMBER
control field 84887
003 - CONTROL NUMBER IDENTIFIER
rucl marc code BD-RjUL
005 - DATE AND TIME OF LATEST TRANSACTION
control field 20250505115138.0
008 - FIXED-LENGTH DATA ELEMENTS--GENERAL INFORMATION
fixed length control field 250505s1978 bg ||||| |||| 00| 0 eng d
035 ## - SYSTEM CONTROL NUMBER
System control number (BD-RjUL)84887
040 ## - CATALOGING SOURCE
Original cataloging agency BD-RjUL
Language of cataloging eng
Transcribing agency BD-RjUL
041 ## - LANGUAGE CODE
Language code of text/sound track or separate title eng
082 ## - DEWEY DECIMAL CLASSIFICATION NUMBER
Edition number 23
Classification number 530.4
Author mark and year CHG 1978
100 ## - MAIN ENTRY--PERSONAL NAME
Personal name Chakrabarti, P. K.
9 (RLIN) 15390
245 ## - TITLE STATEMENT
Title General properties of matter /
Statement of responsibility, etc. Pradip Kumar Chakrabarti and Prabir Kumar Dasgupta
250 ## - EDITION STATEMENT
Edition statement 1st ed.
260 ## - PUBLICATION, DISTRIBUTION, ETC. (IMPRINT)
Place of publication, distribution, etc. New Delhi :
Name of publisher, distributor, etc. Oxford and Ibh Publishing Company ,
Date of publication, distribution, etc. 1978
300 ## - PHYSICAL DESCRIPTION
Pagination 562 p.:
Illustrations ill.;
Size 22 cm.
650 ## - SUBJECT ADDED ENTRY--TOPICAL TERM
Topical term or geographic name as entry element Matter Properties
9 (RLIN) 15391
Topical term or geographic name as entry element Physics
651 ## - SUBJECT ADDED ENTRY--GEOGRAPHIC NAME
Geographic name Differential calculas
9 (RLIN) 15392
700 ## - ADDED ENTRY--PERSONAL NAME
Personal name Dasgupta, P. K.
942 ## - ADDED ENTRY ELEMENTS (KOHA)
Source of classification or shelving scheme Dewey Decimal Classification
Koha item type Books
Holdings
Lost status Source of classification or shelving scheme Damaged status Not for loan Collection code Permanent Location Current Location Shelving location Date acquired Source of acquisition Cost, normal purchase price Total Checkouts Full call number Date last seen Copy number Koha item type
  Dewey Decimal Classification   Not For Loan Non-fiction Central Library, University of Rajshahi Central Library, University of Rajshahi Reading Room 08/04/1980 K.P. Bagchi 16.50   530.4 CHG 1978 05/05/2025 C-1 Books